Statistiques concernant Qui régnait en France en ... ? #2

Cliquez ici pour prendre le quiz!

Statistiques générales

  • Ce quiz a été pris 33 fois
  • Le résultat moyen est 9 sur 12

Statistiques - réponses

Réponse% Correct
Louis XIV
93%
Louis XV
90%
Louis XVI
87%
Louis XVIII
83%
Napoléon 1er
83%
Charles X
77%
Louis XIII
77%
François 1er
73%
Henri IV
63%
Charles IX
57%
Philippe II Auguste
43%
Charles VIII
40%

Distribution des résultats

Percentile par nombre de réponses

% des personnes avec chaque résultat

Votre développement - résultats

Vous n’avez pas pris ce quiz